Manorama year book 1989 (Record no. 9580)

MARC details
000 -LEADER
fixed length control field 00551nam a2200193Ia 4500
003 - CONTROL NUMBER IDENTIFIER
control field IN-BaIIA
008 - FIXED-LENGTH DATA ELEMENTS--GENERAL INFORMATION
fixed length control field 211028s9999 xx 000 0 eng d
020 ## - INTERNATIONAL STANDARD BOOK NUMBER
International Standard Book Number 0542-5778
040 ## - CATALOGING SOURCE
Transcribing agency IIA Library
080 ## - UNIVERSAL DECIMAL CLASSIFICATION NUMBER
Universal Decimal Classification number GEN MAT
100 ## - MAIN ENTRY--PERSONAL NAME
Personal name Mathew, K. M.
9 (RLIN) 11209
245 #0 - TITLE STATEMENT
Title Manorama year book 1989
Statement of responsibility, etc. K. M. Mathew
260 ## - PUBLICATION, DISTRIBUTION, ETC.
Place of publication, distribution, etc. Kerala
Name of publisher, distributor, etc. Educational Supplies
Date of publication, distribution, etc. 1989
300 ## - PHYSICAL DESCRIPTION
Extent 701p.
650 ## - SUBJECT ADDED ENTRY--TOPICAL TERM
Topical term or geographic name entry element General
9 (RLIN) 9574
650 ## - SUBJECT ADDED ENTRY--TOPICAL TERM
Topical term or geographic name entry element NASA Thesaurus
650 ## - SUBJECT ADDED ENTRY--TOPICAL TERM
Topical term or geographic name entry element Yearbooks
9 (RLIN) 4151
942 ## - ADDED ENTRY ELEMENTS (KOHA)
Koha item type Books
Holdings
Withdrawn status Lost status Damaged status Not for loan Home library Current library Shelving location Date acquired Total Checkouts Full call number Barcode Date last seen Price effective from Koha item type
        IIA Library-Bangalore IIA Library-Bangalore General Stacks     GEN\MAT 10490 05/11/2021   Books

Powered by Koha